| Поле | Инд. | ПП | Название | Значение |
|---|---|---|---|---|
| Тип записи | a | |||
| Библиографический уровень | b | |||
| 001 | Контрольный номер | RU/IS/BASE/400864593 | ||
| 005 | Дата корректировки | 20220906121158.3 | ||
| 008 | Кодируемые данные | 20120913 | ||
| 040 | b | Код языка каталог. | rus | |
| e | Правила каталог. | PSBO | ||
| 041 | 0_ | a | Код языка текста | rus |
| 084 | a | Индекс другой классификации/Индекс ББК | 63.3(0)6-6 | |
| 100 | 1_ | a | Автор | Ватлин А. Ю. |
| q | Полное имя | Ватлин Александр Юрьевич | ||
| 245 | 10 | a | Заглавие | Граф Фридрих Вернер фон дер Шуленбург и эпоха массовых репрессий в СССР |
| b | Продолж. заглавия | [Исторический портрет] | ||
| 504 | a | Библиография | Лит. в примеч. в конце статьи. - Примеч.: с. 51-54 | |
| 520 | 0_ | a | Аннотация | "Граф Шуленбург был послом Германии в СССР в 1934 - 1941 годах, участником подписания пакта о ненападении между Германией и СССР 1939 года, противником гитлеровской войны на Востоке, одним из участников антигитлеровского заговора. Ему удавалось сохранять независимость посольства по отношению к основным направлениям политики Третьего рейха. Менее известно о другой деятельности посла - его попытках противостоять Большому террору, когда были затронуты судьбы граждан Германии, проживавших в СССР." |
| 600 | 14 | a | Персоналии | Шуленбург Фридрих Вернер фон дер |
| a | Персоналии | Типпельскирх Вернер фон | ||
| 650 | 04 | a | Основная рубрика | внешняя политика |
| a | Основная рубрика | дипломатия | ||
| a | Основная рубрика | история | ||
| 653 | 1_ | a | Ключевые слова | XX век |
| a | Ключевые слова | аналитическая работа | ||
| a | Ключевые слова | Германия | ||
| a | Ключевые слова | граждане Германии | ||
| a | Ключевые слова | история дипломатии | ||
| a | Ключевые слова | история международных отношений | ||
| a | Ключевые слова | международные отношения | ||
| a | Ключевые слова | Народный коммисариат по иностранным делам | ||
| a | Ключевые слова | национал-социализм (нацизм) | ||
| a | Ключевые слова | политические репрессии | ||
| a | Ключевые слова | Посольство Германии в СССР | ||
| a | Ключевые слова | Россия | ||
| a | Ключевые слова | советский период | ||
| a | Ключевые слова | советско-германские отношения | ||
| a | Ключевые слова | СССР | ||
| a | Ключевые слова | террор | ||
| a | Ключевые слова | фашизм | ||
| a | Ключевые слова | шпиономания | ||
| 773 | 0_ | t | Заглавие источника | Вопросы истории |
| d | Дата издания источника | 2012 | ||
| g | Прочая информация | № 2. - С. 32 - 54 | ||
| w | Контрольный № источника | RU/IS/BASE/383238307 | ||
| 901 | t | Тип документа | b |